[Event "RSA-ch U12"]
[Site "Bloemfontein"]
[Date "2016.03.26"]
[Round "11"]
[White "Dykema, Joshua Damain"]
[Black "Yu, Changrui"]
[Result "0-1"]
[WhiteElo "1431"]
[BlackElo "1518"]
[PlyCount "70"]
[EventDate "2016.03.20"]
[EventType "swiss"]
[EventRounds "11"]
[EventCountry "RSA"]
[SourceTitle "CBM 171 Extra"]
[Source "ChessBase"]
[SourceDate "2016.04.26"]
[SourceVersion "1"]
[SourceVersionDate "2016.04.26"]
[SourceQuality "1"]

1. d4 Nf6 2. c4 e6 3. Nf3 b6 4. Nc3 Bb4 5. Bd2 0-0 6. e3 Bb7 7. Bd3 d5 8. cxd5 exd5 9. 0-0 Nbd7 10. Qc2 Re8 11. Rac1 a6 12. Rfe1 c5 13. Na4 Bxd2 14. Qxd2 Ne4 15. Qc2 c4 16. Bxe4 dxe4 17. Nd2 c3 18. Nxc3 Qh4 19. f3 f5 20. f4 Re6 21. Nf1 Kh8 22. Qf2 Qh6 23. Ng3 g6 24. Red1 Nf6 25. Rc2 Ng4 26. Qe1 Qxh2+ 27. Kf1 h5 28. d5 Rae8 29. d6 h4 30. d7 Rd8 31. Qd2 hxg3 32. Qd4+ Kh7 33. Qd6 Qh1+ 34. Ke2 Qxg2+ 35. Ke1 Qf2+ 0-1

[Event "RSA-ch U12"]
[Site "Bloemfontein"]
[Date "2016.03.23"]
[Round "6"]
[White "Fihla, Lonwabo Luvuyo"]
[Black "Yu, Changrui"]
[Result "1-0"]
[WhiteElo "1483"]
[BlackElo "1518"]
[PlyCount "97"]
[EventDate "2016.03.20"]
[EventType "swiss"]
[EventRounds "11"]
[EventCountry "RSA"]
[SourceTitle "CBM 171 Extra"]
[Source "ChessBase"]
[SourceDate "2016.04.26"]
[SourceVersion "1"]
[SourceVersionDate "2016.04.26"]
[SourceQuality "1"]

1. e4 c5 2. Nf3 d6 3. Nc3 Nf6 4. Bc4 Nc6 5. d4 cxd4 6. Nxd4 a6 7. Nxc6 bxc6 8. 0-0 g6 9. Be3 Bg7 10. e5 Ng4 11. exd6 exd6 12. Bf4 Ne5 13. Bxe5 Bxe5 14. f4 Bxc3 15. bxc3 0-0 16. Qf3 d5 17. Bd3 f5 18. Kh1 Qd6 19. c4 d4 20. Rfd1 Be6 21. c3 c5 22. cxd4 cxd4 23. Re1 Rac8 24. h3 Kh8 25. Rac1 Rfe8 26. Re5 Bf7 27. c5 Qf6 28. Rxe8+ Bxe8 29. Qb7 Rc6 30. Re1 Re6 31. Rxe6 Qxe6 32. Qxa6 Bc6 33. Bb5 Bxg2+ 34. Kxg2 Qe4+ 35. Kf1 Qxf4+ 36. Ke1 Qe4+ 37. Kd2 Qe3+ 38. Kd1 Qc3 39. Qf6+ Kg8 40. Qe6+ Kg7 41. Qe7+ Kh6 42. Qf8+ Kh5 43. Be2+ Kg5 44. h4+ Kxh4 45. Qh6+ Kg3 46. Qg5+ Kh2 47. Qf4+ Kg2 48. Qf3+ Kg1 49. Qxc3 1-0

[Event "RSA-ch U12"]
[Site "Bloemfontein"]
[Date "2016.03.22"]
[Round "4"]
[White "Posholi, Kamohelo"]
[Black "Yu, Changrui"]
[Result "0-1"]
[WhiteElo "1279"]
[BlackElo "1518"]
[PlyCount "110"]
[EventDate "2016.03.20"]
[EventType "swiss"]
[EventRounds "11"]
[EventCountry "RSA"]
[SourceTitle "CBM 171 Extra"]
[Source "ChessBase"]
[SourceDate "2016.04.26"]
[SourceVersion "1"]
[SourceVersionDate "2016.04.26"]
[SourceQuality "1"]

1. e4 c5 2. Nf3 d6 3. d4 cxd4 4. Nxd4 Nf6 5. Nc3 a6 6. Bd3 Nc6 7. Nxc6 bxc6 8. Bf4 g6 9. e5 Nh5 10. Qf3 Nxf4 11. Qxf4 d5 12. 0-0 Bg7 13. Qe3 d4 14. Qe4 dxc3 15. Qxc6+ Bd7 16. Qxc3 0-0 17. Rad1 Qe8 18. Be4 Rc8 19. Qd4 Bc6 20. f4 Bxe4 21. Qxe4 Qb5 22. Rb1 Rc4 23. Qe2 Qc5+ 24. Qf2 Rxc2 25. Qxc5 Rxc5 26. b4 Rb5 27. a4 Rd5 28. b5 axb5 29. axb5 Rb8 30. b6 g5 31. g3 gxf4 32. gxf4 Bh6 33. Rb4 Rd7 34. Kf2 Rdb7 35. Rfb1 e6 36. Ke3 Bf8 37. Rb5 Rxb6 38. Rxb6 Rxb6 39. Rxb6 Bc5+ 40. Ke4 Bxb6 41. f5 Kg7 42. fxe6 fxe6 43. Kf4 Kg6 44. Kg4 Bd4 45. Kf4 Kh5 46. Kg3 Bxe5+ 47. Kg2 Kh4 48. Kh1 Bf4 49. Kg2 e5 50. Kh1 e4 51. Kg2 Kg4 52. Kg1 e3 53. Kf1 Kh3 54. Kg1 e2 55. Kh1 e1Q# 0-1

[Event "RSA-ch U12"]
[Site "Bloemfontein"]
[Date "2016.03.22"]
[Round "5"]
[White "Yu, Changrui"]
[Black "De Jager, Andreas"]
[Result "1-0"]
[WhiteElo "1518"]
[BlackElo "1564"]
[PlyCount "129"]
[EventDate "2016.03.20"]
[EventType "swiss"]
[EventRounds "11"]
[EventCountry "RSA"]
[SourceTitle "CBM 171 Extra"]
[Source "ChessBase"]
[SourceDate "2016.04.26"]
[SourceVersion "1"]
[SourceVersionDate "2016.04.26"]
[SourceQuality "1"]

1. e4 c5 2. Nc3 Nc6 3. f4 d6 4. Nf3 g6 5. Bb5 Bd7 6. d3 Bg7 7. 0-0 a6 8. Bxc6 Bxc6 9. a4 e6 10. Qe1 Ne7 11. h3 0-0 12. Qh4 d5 13. e5 Nf5 14. Qf2 Rc8 15. g4 Ne7 16. Qh4 d4 17. Ne4 Bxe4 18. Ng5 h6 19. Nxe4 Nd5 20. Qg3 Rc6 21. Bd2 Kh7 22. Kh1 b6 23. Rg1 Bh8 24. Rg2 Ne3 25. Bxe3 dxe3 26. Qxe3 Qd4 27. Qxd4 cxd4 28. Ra3 Rfc8 29. c3 Rd8 30. c4 Rf8 31. b4 Rc7 32. Rb3 f6 33. exf6 Bxf6 34. Nxf6+ Rxf6 35. Re2 Rc6 36. Re4 g5 37. fxg5 hxg5 38. Rxd4 Rf3 39. Kg2 Re3 40. Rb2 Kg6 41. Rf2 b5 42. axb5 axb5 43. Rf3 e5 44. Rd5 Rxf3 45. Kxf3 bxc4 46. Rxe5 cxd3 47. Ke3 Rc3 48. Rb5 d2+ 49. Kxd2 Rxh3 50. Rc5 Rf3 51. Rc4 Kf7 52. Kc2 Ke7 53. b5 Rf6 54. Rc7+ Kf8 55. Rc5 Rg6 56. Kd3 Ke7 57. Ke4 Rg8 58. Kf5 Kd6 59. Rc6+ Kd5 60. Rg6 Rb8 61. b6 Kc5 62. Kxg5 Rd8 63. b7 Rf8 64. Rg7 Kc6 65. Kg6 1-0

[Event "RSA-chT U12"]
[Site "Cape Town"]
[Date "2016.01.05"]
[Round "4.2"]
[White "Yu, Changrui"]
[Black "Dykema, Joshua Damain"]
[Result "1-0"]
[WhiteElo "1513"]
[BlackElo "1391"]
[PlyCount "61"]
[EventDate "2016.01.04"]
[EventType "team-tourn"]
[EventRounds "7"]
[EventCountry "RSA"]
[SourceTitle "CBM 170 Extra"]
[Source "ChessBase"]
[SourceDate "2016.02.25"]
[SourceVersion "1"]
[SourceVersionDate "2016.02.25"]
[SourceQuality "1"]
[WhiteTeam "Western Province"]
[BlackTeam "Tshwane"]
[WhiteTeamCountry "RSA"]
[BlackTeamCountry "RSA"]

1. e4 c5 2. Nc3 Nc6 3. f4 d6 4. Bb5 Bd7 5. Bxc6 Bxc6 6. Nf3 Nf6 7. d3 g6 8. 0-0 Bg7 9. h3 0-0 10. Qe1 a6 11. g4 Qc8 12. Qg3 e6 13. f5 exf5 14. gxf5 Nh5 15. Qg4 Nf6 16. Qg2 gxf5 17. Bh6 Ne8 18. Nh4 Kh8 19. Nxf5 Bxh6 20. Nxh6 Qe6 21. Qg5 Nc7 22. Rf6 Qe7 23. Qf5 Ne6 24. Qf2 Nd8 25. Kh1 Be8 26. Rf1 Rc8 27. Qg3 Qe5 28. Qg4 Rb8 29. Nd5 Ne6 30. Rg1 Bd7 31. Rxf7 1-0

[Event "RSA-chT U12"]
[Site "Cape Town"]
[Date "2016.01.04"]
[Round "2.2"]
[White "Yu, Changrui"]
[Black "Van Deventer, Wilrich"]
[Result "1-0"]
[WhiteElo "1513"]
[BlackElo "1000"]
[PlyCount "63"]
[EventDate "2016.01.04"]
[EventType "team-tourn"]
[EventRounds "7"]
[EventCountry "RSA"]
[SourceTitle "CBM 170 Extra"]
[Source "ChessBase"]
[SourceDate "2016.02.25"]
[SourceVersion "1"]
[SourceVersionDate "2016.02.25"]
[SourceQuality "1"]
[WhiteTeam "Western Province"]
[BlackTeam "Johannesburg Metro"]
[WhiteTeamCountry "RSA"]
[BlackTeamCountry "RSA"]

1. e4 e6 2. d4 d5 3. exd5 exd5 4. c4 c6 5. Nc3 h6 6. h3 Nf6 7. Nf3 Bb4 8. a3 Bxc3+ 9. bxc3 Ne4 10. Bd2 0-0 11. Bd3 Re8 12. 0-0 Nxd2 13. Qxd2 Nd7 14. Rfe1 Nf6 15. Rab1 dxc4 16. Bxc4 Ne4 17. Qc2 Qa5 18. Rxe4 Bf5 19. Rxe8+ Rxe8 20. Bd3 Bxd3 21. Qxd3 b5 22. c4 a6 23. Ne5 Qc7 24. Rc1 Re6 25. cxb5 axb5 26. Qc3 f6 27. Qb3 Qe7 28. Rxc6 Kf8 29. Rc8+ Qe8 30. Qxe6 g6 31. Qxe8+ Kg7 32. Qg8# 1-0